My first Malay word book

Bibliographic Details
Main Author: Wilkes, Angela
Format: Book
Published: Singapore : Publishers Marketing Services , 1993
Subjects:

MARC

LEADER 00000cam a2200000 7i4500
001 0000004037
002 000004347
005 20000330.0
020 |a 9810047371 
090 0 0 |a J 372.61   |b MYF 
100 1 |a Wilkes, Angela 
245 1 0 |a My first Malay word book   |c Angela Wilkes 
260 |a Singapore :   |b Publishers Marketing Services ,   |c 1993 
300 |a 64p. ;   |c 33cm. 
650 0 0 |a Malay language   |x Vocabulary 
999 |a 037260   |b BUKU   |c JUNIOR REFERENCE   |e PERPUSTAKAAN KOMUNITI PETALING JAYA